000 00613nam a2200193Ia 4500
001 19255
003 GE_BSU
008 181216s||||||||xx |||||||||||||| ||und||
040 _cGE_BSU
245 _aГорная механика и машиностроение № 3. 2016
245 _bНаучно-технический журнал
245 _cГл. ред. В.Я. Щерба
260 _aСилигорск
260 _c2016
300 _a101 стр. 29см. илл.
653 _aГорная механика и машиностроение
653 _aპერიოდიკა
942 _cCR
999 _c52246
_d52246